Administrator's guide : (Record no. 12586)
[ view plain ]
| 000 -LEADER | |
|---|---|
| fixed length control field | 01234cam a22003257a 4500 |
| 001 - CONTROL NUMBER | |
| control field | 13507377 |
| 003 - CONTROL NUMBER IDENTIFIER | |
| control field | OSt |
| 005 - DATE AND TIME OF LATEST TRANSACTION | |
| control field | 20160608152247.0 |
| 008 - FIXED-LENGTH DATA ELEMENTS--GENERAL INFORMATION | |
| fixed length control field | 040301s2003 vau b 000 0 eng d |
| 010 ## - LIBRARY OF CONGRESS CONTROL NUMBER | |
| LC control number | 2004297136 |
| 020 ## - INTERNATIONAL STANDARD BOOK NUMBER | |
| International Standard Book Number | 9780873525526 |
| 035 ## - SYSTEM CONTROL NUMBER | |
| System control number | (OCoLC)ocm53878091 |
| 040 ## - CATALOGING SOURCE | |
| Original cataloging agency | SINIE |
| Transcribing agency | SINIE |
| Modifying agency | DLC |
| 042 ## - AUTHENTICATION CODE | |
| Authentication code | lccopycat |
| 050 00 - LIBRARY OF CONGRESS CALL NUMBER | |
| Classification number | QA 11.2 |
| Item number | .M676 2003 |
| 082 ## - DEWEY DECIMAL CLASSIFICATION NUMBER | |
| Classification number | GLT 510.7 |
| Item number | M67 2003 |
| 100 1# - MAIN ENTRY--PERSONAL NAME | |
| Personal name | Mirra, Amy. |
| 9 (RLIN) | 22624 |
| 245 10 - TITLE STATEMENT | |
| Title | Administrator's guide : |
| Remainder of title | how to support and improve mathematics education in your school / |
| Statement of responsibility, etc | Amy J. Mirra. |
| 246 30 - VARYING FORM OF TITLE | |
| Title proper/short title | How to support and improve mathematics education in your school |
| 260 ## - PUBLICATION, DISTRIBUTION, ETC. (IMPRINT) | |
| Place of publication, distribution, etc | Reston, Va. : |
| Name of publisher, distributor, etc | National Council of Teachers of Mathematics, |
| Date of publication, distribution, etc | 2003 |
| 300 ## - PHYSICAL DESCRIPTION | |
| Extent | 47 p. : |
| Other physical details | col. ill. ; |
| Dimensions | 22 x 28 cm. |
| 504 ## - BIBLIOGRAPHY, ETC. NOTE | |
| Bibliography, etc | Includes bibliographical references (p. 46-47). |
| 650 #0 - SUBJECT ADDED ENTRY--TOPICAL TERM | |
| Topical term or geographic name as entry element | Mathematics |
| General subdivision | Study and teaching. |
| 9 (RLIN) | 22625 |
| 650 #0 - SUBJECT ADDED ENTRY--TOPICAL TERM | |
| Topical term or geographic name as entry element | School management and organization. |
| 9 (RLIN) | 22352 |
| 710 2# - ADDED ENTRY--CORPORATE NAME | |
| Corporate name or jurisdiction name as entry element | National Council of Teachers of Mathematics. |
| 9 (RLIN) | 2162 |
| 906 ## - LOCAL DATA ELEMENT F, LDF (RLIN) | |
| a | 7 |
| b | cbc |
| c | copycat |
| d | 2 |
| e | ncip |
| f | 20 |
| g | y-gencatlg |
| 942 ## - ADDED ENTRY ELEMENTS (KOHA) | |
| Source of classification or shelving scheme | Library of Congress Classification |
| Koha item type | eBooks |
| Withdrawn status | Lost status | Source of classification or shelving scheme | Damaged status | Home library | Current library | Shelving location | Date acquired | Source of acquisition | Total Checkouts | Full call number | Barcode | Date last seen | Copy number | Price effective from | Koha item type |
|---|---|---|---|---|---|---|---|---|---|---|---|---|---|---|---|
| Library of Congress Classification | Luxembourg Library | Luxembourg Library | Genevive Ledesma - Tan Section | 10/01/2013 | Donation | QA 11.2 .M676 2003 | 12023 | 10/01/2013 | 1 | 10/01/2013 | Books |